| 000 | 01507aam a2200325 4500 | ||
|---|---|---|---|
| 001 | 19417 | ||
| 003 | CO-MdFUSB | ||
| 005 | 20190202100509.0 | ||
| 008 | 170306t1989 xxu||||f |||| 00| 0 eng d | ||
| 020 | _a0-268-01870-7 | ||
| 040 |
_aCO-MdFUSB _bspa _cCO-MdFUSB _dCO-MdFUSBC _erda |
||
| 041 | _aeng | ||
| 082 |
_224 _a230 _bT833t |
||
| 100 | 1 | _aFeenstra, Ronald J., (Editor)q | |
| 245 | 1 | 0 |
_aTrinity, incarnation, and atonement _b: Philosophical and theological essays _c/ Editado por Ronald J. Feenstra y Cornelius Plantinga, Jr. |
| 264 | 1 |
_aNotre Dame, Indiana : _bUniversity of Notre Dame Press, _c℗[1989] |
|
| 264 | 4 | _c©1989 | |
| 300 |
_axii, 236 páginas _c; 24 cm. |
||
| 336 |
_2rdacontent _a1 _ba1 |
||
| 337 |
_2rdamedia _a2 _b5 |
||
| 338 |
_2rdacarrier _a2 _b5 |
||
| 490 | _aLibrary of Religious Philosophy | ||
| 504 | _aIncluye índice (páginas 231-236) | ||
| 505 | 0 | 0 | _aTrinidad social y triteismo, Cornelius Plantinga, Jr. - Personalidad trinitaria y la individualidad, David Brown - Trinidad y trascendencia, Norman Kretzmann - La metafísica de Dios encarnado, Thomas V. Morris - Reconsiderando la cristología kenótica, Ronald J. Feenstra - Aquino, sobre la expiación, Philip L. Quinn - Expiación y justificación, Eleonore Stump - El sacrificio y los sacrificios: ¿Desde la metáfora a lo trascendental?, Colin Gunton |
| 563 | _aPasta dura | ||
| 650 | 7 |
_aFilosofía y religión _2 _9198 |
|
| 650 | 7 |
_aTeología doctrinal _2 _9179 |
|
| 942 | _cBK | ||
| 999 |
_c45782 _d45782 |
||